The cost of reducing greenhouse gas emissions (Record no. 509960)

000 -LEADER
fixed length control field 00451nam a2200157 4500
008 - FIXED-LENGTH DATA ELEMENTS--GENERAL INFORMATION
fixed length control field 190711b ||||| |||| 00| 0 eng d
100 ## - MAIN ENTRY--PERSONAL NAME
Personal name Gillingham, Kenneth
245 ## - TITLE STATEMENT
Title The cost of reducing greenhouse gas emissions
260 ## - PUBLICATION, DISTRIBUTION, ETC. (IMPRINT)
Date of publication, distribution, etc 2019
300 ## - PHYSICAL DESCRIPTION
Extent p.53-72.
650 ## - SUBJECT ADDED ENTRY--TOPICAL TERM
Topical term or geographic name as entry element Green house gas emissions
9 (RLIN) 6897
700 ## - ADDED ENTRY--PERSONAL NAME
Personal name Stock, James H.
9 (RLIN) 6898
773 ## - HOST ITEM ENTRY
Main entry heading Journal of Economic Perspectives
906 ## - LOCAL DATA ELEMENT F, LDF (RLIN)
Subject DIP Climate change
942 ## - ADDED ENTRY ELEMENTS (KOHA)
Source of classification or shelving scheme
Item type Articles
Holdings
Withdrawn status Lost status Source of classification or shelving scheme Damaged status Not for loan Permanent location Current location Date acquired Serial Enumeration / chronology Barcode Date last seen Koha item type
          Indian Institute of Public Administration Indian Institute of Public Administration 2019-07-11 32(4), Fall, 2018: p.53-.72. AR120047 2019-07-11 Articles

Powered by Koha